000 00553nam a2200193Ia 4500
005 20250326143150.0
008 250326s9999 xx 000 0 und d
037 _aTextbook
040 _aFMSL
_beng
_cFMSL
041 _aeng
_2eng
084 _aX8(A):8:f P3
_qFMSL
100 _aBetz F
_9741614
245 0 _aManaging Technological Innovation
_cBetz F
250 _aSecond Edition
260 _a2003 John Wiley & Sons
_b2003 John Wiley & Sons, Inc.
_c2003
300 _a491p
942 _cTB
_hX8(A):8:f P3
999 _c1298399
_d1298399